|
|
|
|
| LEADER |
00666nam a22002057a 4500 |
| 001 |
AAL589 |
| 003 |
BD-DhAAL |
| 005 |
20160417151957.0 |
| 008 |
160417s 1978xxu||||| |||| 00| 0 eng d |
| 040 |
|
|
|a BD-DhAAL
|c BD-DhAAL
|
| 082 |
|
|
|a 220
|
| 245 |
|
|
|a The Holy Bible /
|c The Gideons International
|
| 300 |
|
|
|a 1291 p. ;
|c 21 cm.
|
| 541 |
|
|
|e 589
|
| 650 |
|
|
|a Bible
|9 19112
|
| 710 |
|
|
|a The Gideons International
|9 19113
|
| 852 |
|
|
|a Savar Campus Library
|c General Shelf
|
| 942 |
|
|
|2 ddc
|c BK
|
| 999 |
|
|
|c 37432
|d 37432
|
| 952 |
|
|
|0 0
|1 0
|2 ddc
|4 0
|6 220_000000000000000_HOL
|7 0
|9 58777
|a SCL
|b SCL
|c GEN
|d 2016-04-17
|l 11
|m 41
|o 220 HOL
|p 3020000589
|r 2024-10-28
|s 2024-06-04
|t 1
|w 2016-04-17
|y BK
|